Komunikačná stratégia pri zavedení eura v Slovenskej republike

Príprava na zavedenie eura v SR. Priebeh komunikačnej kampane a charakteristika použitých nástrojov. Odporúčania pre krajiny, ktoré pripravujú vstup do eurozóny.

Gespeichert in:
Bibliographische Detailangaben
1. Verfasser: Lipianska, Júlia
Weitere Verfasser: Orgonáš, Jozef, 1957-
Format: Buchkapitel
Sprache:Slowakisch
Schlagworte:
Tags: Tag hinzufügen
Keine Tags, Fügen Sie das erste Tag hinzu!

MARC

LEADER 00000naa$a2200000$$$4500
001 0104428
005 20240502072138.2
041 0 |a slo 
044 |a SK 
245 1 0 |a Komunikačná stratégia pri zavedení eura v Slovenskej republike  |c Júlia Lipianska, Jozef Orgonáš 
520 |a Príprava na zavedenie eura v SR. Priebeh komunikačnej kampane a charakteristika použitých nástrojov. Odporúčania pre krajiny, ktoré pripravujú vstup do eurozóny. 
610 2 0 |a stratégia marketingová 
610 2 0 |a komunikácia 
610 2 0 |a euro 
610 2 0 |a eurozóna 
610 2 0 |a Slovensko 
610 2 0 |a prostredie podnikateľské 
100 1 |a Lipianska, Júlia 
700 1 |a Orgonáš, Jozef, 1957-